[Event "Saarlouis op 3rd"]
[Site "Saarlouis"]
[Date "2000.05.28"]
[Round "3"]
[White "Halser, Walter"]
[Black "Reichardt, Hans"]
[Result "1/2-1/2"]
[WhiteElo "2106"]
[BlackElo "1656"]
[PlyCount "50"]
[EventDate "2000.05.27"]
[EventType "swiss"]
[EventRounds "9"]
[EventCountry "GER"]
[SourceTitle "EXT 2006"]
[Source "ChessBase"]
[SourceDate "2005.11.24"]
[SourceVersion "1"]
[SourceVersionDate "2005.11.24"]
[SourceQuality "1"]

1. e4 e6 2. d4 d5 3. Nd2 dxe4 4. Nxe4 Bd7 5. Nf3 Bc6 6. Bd3 Nd7 7. 0-0 Ngf6 8. Ng3 Bxf3 9. Qxf3 c6 10. b3 Be7 11. Bb2 0-0 12. Rfe1 Re8 13. c4 c5 14. Rad1 Qc7 15. d5 exd5 16. cxd5 Bd6 17. Nf1 Ne5 18. Bxe5 Rxe5 19. Rxe5 Bxe5 20. g3 Rd8 21. Bc4 Qd7 22. a4 a6 23. Ne3 g6 24. a5 Kg7 25. Bf1 Bd4 1/2-1/2

[Event "Graz op-A"]
[Site "Graz"]
[Date "1999.??.??"]
[Round "1"]
[White "Halser, Walter"]
[Black "Klovans, Janis"]
[Result "0-1"]
[WhiteElo "2100"]
[BlackElo "2465"]
[PlyCount "70"]
[EventDate "1999.09.17"]
[EventType "swiss"]
[EventRounds "9"]
[EventCountry "AUT"]
[SourceTitle "EXT 2001"]
[Source "ChessBase"]
[SourceDate "2000.11.22"]
[SourceVersion "1"]
[SourceVersionDate "2000.11.22"]
[SourceQuality "1"]

1. e4 c5 2. Nc3 Nc6 3. f4 g6 4. Nf3 Bg7 5. Bc4 e6 6. 0-0 Nge7 7. Qe1 0-0 8. d3 d5 9. Bb3 Na5 10. f5 Nxb3 11. axb3 exf5 12. Bg5 f6 13. Bd2 fxe4 14. dxe4 d4 15. Na4 b6 16. c4 Nc6 17. Qh4 Bd7 18. Qg3 Qe7 19. Rae1 Ne5 20. Bf4 Qe6 21. Bxe5 fxe5 22. h3 Rf4 23. Ng5 Qf6 24. h4 Rf8 25. Rxf4 Qxf4 26. Qxf4 Rxf4 27. g3 Rf8 28. Kg2 Bh6 29. Ra1 Bg4 30. b4 cxb4 31. b3 Bxg5 32. hxg5 Rf3 33. c5 b5 34. Nb6 axb6 35. cxb6 Rf8 0-1

[Event "Leipzig VfB op 06th"]
[Site "Leipzig"]
[Date "1999.??.??"]
[Round "4"]
[White "Halser, Walter"]
[Black "Lamb, Harry M"]
[Result "1/2-1/2"]
[WhiteElo "2100"]
[BlackElo "2181"]
[PlyCount "81"]
[EventDate "1999.03.??"]
[EventType "swiss"]
[EventRounds "9"]
[EventCountry "GER"]
[SourceTitle "EXT 2008"]
[Source "ChessBase"]
[SourceDate "2007.11.25"]
[SourceVersion "1"]
[SourceVersionDate "2007.11.25"]
[SourceQuality "1"]

1. e4 e6 2. d4 d5 3. Nd2 Nf6 4. e5 Nfd7 5. Bd3 c5 6. c3 Nc6 7. Ngf3 cxd4 8. cxd4 f6 9. exf6 Qxf6 10. 0-0 Nxd4 11. Nxd4 Qxd4 12. Nf3 Qf6 13. Ng5 g6 14. Nxe6 Qxe6 15. Re1 Ne5 16. Bf4 Bd6 17. Qe2 0-0 18. Bxe5 Bd7 19. Bxd6 Qxd6 20. Rad1 Rae8 21. Qd2 Qf6 22. Rxe8 Bxe8 23. h3 Bc6 24. Re1 Kg7 25. Re2 Re8 26. Rxe8 Bxe8 27. Be2 Bc6 28. Bf3 Qe5 29. Kf1 h6 30. Kg1 g5 31. Kf1 d4 32. Bxc6 bxc6 33. b3 Qe4 34. f3 Qf4 35. Qc2 Qd6 36. Qd3 c5 37. Kf2 Qe5 38. Kf1 h5 39. Qb5 Qc7 40. b4 cxb4 41. Qxg5+ 1/2-1/2

[Event "Scharnstein op 2nd"]
[Site "Scharnstein"]
[Date "1999.??.??"]
[Round "?"]
[White "Halser, Walter"]
[Black "Posch, Roland"]
[Result "1-0"]
[WhiteElo "2065"]
[BlackElo "1950"]
[PlyCount "111"]
[EventDate "1999.??.??"]
[EventType "swiss"]
[EventRounds "5"]
[EventCountry "AUT"]
[SourceTitle "EXT 2004"]
[Source "ChessBase"]
[SourceDate "2003.11.25"]
[SourceVersion "1"]
[SourceVersionDate "2003.11.25"]
[SourceQuality "1"]

1. e4 c6 2. d4 d5 3. exd5 cxd5 4. Bd3 Nc6 5. c3 Nf6 6. Bf4 e6 7. Nd2 Bd6 8. Bg3 0-0 9. Ngf3 Qc7 10. 0-0 b6 11. Re1 Bb7 12. Ne5 a6 13. Rc1 b5 14. Ndf3 Na5 15. b3 Rac8 16. Bb1 Ne4 17. Bxe4 dxe4 18. Ng5 f6 19. Nxe6 Qe7 20. Nxf8 fxe5 21. Nd7 exd4 22. Bxd6 Qxd7 23. Qxd4 Nc6 24. Qb6 Nd8 25. Bg3 Ne6 26. Rcd1 Qf7 27. Qd6 Nf8 28. Qb6 Ne6 29. Rd6 Nf8 30. Rd8 Rc6 31. Qd4 Rg6 32. Rd1 h5 33. Qd7 e3 34. Qxf7+ Kxf7 35. fxe3 h4 36. Rf1+ Ke6 37. Rd6+ Ke7 38. Rxg6 Nxg6 39. Bb8 Bd5 40. e4 Be6 41. e5 Bd5 42. g3 h3 43. Rc1 Ke6 44. c4 bxc4 45. bxc4 Bg2 46. Rd1 Ne7 47. Rd6+ Kf5 48. Rxa6 Nc6 49. Rb6 Nd4 50. g4+ Kxg4 51. Kf2 Kf5 52. a4 Nf3 53. e6 Kf6 54. Bg3 g5 55. Ke3 Ke7 56. a5 1-0